[Event "Karlsruhe Grenke op"]
[Site "Karlsruhe"]
[Date "2024.03.28"]
[Round "1"]
[White "Backhaus, Silas"]
[Black "Mishra, Abhimanyu"]
[Result "0-1"]
[WhiteElo "2123"]
[BlackElo "2627"]
[PlyCount "44"]
[EventDate "2024.03.28"]
[EventType "swiss"]
[EventRounds "9"]
[EventCountry "GER"]
[SourceTitle "CB14_2024"]
[SourceDate "2024.04.01"]
[SourceVersion "1"]
[SourceVersionDate "2024.04.01"]
[SourceQuality "1"]

1. d4 d5 2. c4 c6 3. Nc3 Nf6 4. e3 e6 5. Nf3 Nbd7 6. Be2 Bd6 7. 0-0 0-0 8. b3 b6 9. Bb2 Bb7 10. Bd3 Rc8 11. Rc1 Qe7 12. Re1 c5 13. cxd5 cxd4 14. Nxd4 Nxd5 15. Nxd5 Bxd5 16. Ba6 Rxc1 17. Qxc1 Qh4 18. g3 Bxg3 19. fxg3 Qe4 20. Re2 Nc5 21. Bc4 Qh1+ 22. Kf2 Ne4# 0-1

[Event "Neckar op 20th"]
[Site "Deizisau"]
[Date "2023.04.09"]
[Round "7"]
[White "Goldbeck, Lars"]
[Black "Backhaus, Silas"]
[Result "0-1"]
[WhiteElo "2243"]
[BlackElo "2060"]
[PlyCount "101"]
[EventDate "2023.04.06"]
[EventType "swiss"]
[EventRounds "9"]
[EventCountry "GER"]
[SourceTitle "CBM 213 Extra"]
[Source "ChessBase"]
[SourceDate "2023.05.31"]
[SourceVersion "1"]
[SourceVersionDate "2023.05.31"]
[SourceQuality "1"]

1. Nf3 Nf6 2. g3 g6 3. b3 Bg7 4. Bb2 a5 5. Bg2 d5 6. 0-0 0-0 7. c4 c6 8. d4 a4 9. a3 axb3 10. Qxb3 dxc4 11. Qxc4 Nbd7 12. Qc2 Nb6 13. Nbd2 Na4 14. Bc1 Nd5 15. Nb3 Ndc3 16. Re1 e5 17. Nxe5 c5 18. e3 cxd4 19. exd4 Bf5 20. Qd2 Qb6 21. Nc5 Rfd8 22. Nxa4 Nxa4 23. Qb4 Rxd4 24. Qxb6 Nxb6 25. Bb2 Rd2 26. Bc3 Rc2 27. Bd4 Nc4 28. Bxb7 Rd8 29. Nxc4 Bxd4 30. Ne3 Bxa1 31. Nxc2 Bc3 32. Re7 Bxc2 33. Rc7 Rd3 34. Ba6 Rd1+ 35. Kg2 Rc1 36. Bc4 Kg7 37. Bxf7 Be5 38. Ra7 Be4+ 39. f3 Rc2+ 40. Kf1 Bd3+ 41. Ke1 Rc7 42. Rxc7 Bxc7 43. Bd5 Bb5 44. Bb3 Bb6 45. a4 Bc6 46. Ke2 Kf6 47. Bc2 Ke5 48. h4 Kf6 49. Bb3 h6 50. Bc2 Bd5 51. Bd3 0-1

[Event "Baden-ch 94th"]
[Site "Forst"]
[Date "2022.10.03"]
[Round "6"]
[White "Backhaus, Silas"]
[Black "Schmitt Schott, Joscha"]
[Result "1-0"]
[WhiteElo "2146"]
[BlackElo "1978"]
[PlyCount "61"]
[EventDate "2022.09.30"]
[EventType "swiss"]
[EventRounds "7"]
[EventCountry "GER"]
[SourceTitle "CBM 210 Extra"]
[Source "ChessBase"]
[SourceDate "2022.11.30"]
[SourceVersion "1"]
[SourceVersionDate "2022.11.30"]
[SourceQuality "1"]

1. b3 g6 2. Bb2 Nf6 3. Nf3 Bg7 4. g3 0-0 5. Bg2 d5 6. c4 c6 7. 0-0 Nbd7 8. d4 Ne4 9. Nc3 Nxc3 10. Bxc3 dxc4 11. bxc4 c5 12. e3 Qc7 13. Qb3 cxd4 14. exd4 e5 15. dxe5 Nxe5 16. Nxe5 Bxe5 17. Bxe5 Qxe5 18. Qb5 Qc7 19. c5 Rb8 20. Rfd1 Be6 21. Rac1 Rfc8 22. Qa4 a6 23. c6 bxc6 24. Rxc6 Bd7 25. Rxd7 Qxd7 26. Rxg6+ hxg6 27. Qxd7 Rc1+ 28. Bf1 Rbb1 29. Qe8+ Kg7 30. Qe5+ Kf8 31. Qd6+ 1-0

[Event "Baden-ch 94th"]
[Site "Forst"]
[Date "2022.10.01"]
[Round "3"]
[White "Ruff, Maximilian"]
[Black "Backhaus, Silas"]
[Result "0-1"]
[WhiteElo "2299"]
[BlackElo "2146"]
[PlyCount "94"]
[EventDate "2022.09.30"]
[EventType "swiss"]
[EventRounds "7"]
[EventCountry "GER"]
[SourceTitle "CBM 210 Extra"]
[Source "ChessBase"]
[SourceDate "2022.11.30"]
[SourceVersion "1"]
[SourceVersionDate "2022.11.30"]
[SourceQuality "1"]

1. d4 Nf6 2. c4 e6 3. Nc3 Bb4 4. f3 c5 5. d5 b5 6. e4 0-0 7. Nh3 bxc4 8. Bxc4 exd5 9. Bxd5 Nxd5 10. Qxd5 Ba6 11. Bf4 Nc6 12. Kf2 Ba5 13. Rhd1 Nb4 14. Qd6 Bb6 15. Na4 Nd3+ 16. Kg1 c4+ 17. Nxb6 Qxb6+ 18. Qxb6 axb6 19. Rd2 d5 20. exd5 Rfd8 21. d6 Bc8 22. Bg3 Bxh3 23. gxh3 f5 24. b3 b5 25. bxc4 bxc4 26. Rc2 Ra4 27. Rb1 f4 28. Bh4 Rxd6 29. Rb8+ Kf7 30. Rb7+ Kg6 31. Be7 Re6 32. Rg2+ Kh6 33. Bh4 Rg6 34. Rxg6+ Kxg6 35. Rc7 Ne5 36. Bf2 Rxa2 37. Kf1 Nxf3 38. h4 Kf5 39. h3 Ne5 40. Bd4 Nf3 41. Bxg7 h5 42. Rc5+ Kg6 43. Bc3 Rc2 44. Rc6+ Kf5 45. Rc5+ Ke4 46. Rxc4+ Ke3 47. Bd4+ Nxd4 0-1

[Event "Baden-ch U2000"]
[Site "Walldorf"]
[Date "2017.07.26"]
[Round "1"]
[White "Backhaus, Silas"]
[Black "Prill, Gerhard"]
[Result "1/2-1/2"]
[WhiteElo "1771"]
[BlackElo "1960"]
[PlyCount "42"]
[EventDate "2017.07.26"]
[EventType "swiss"]
[EventRounds "7"]
[EventCountry "GER"]
[SourceTitle "EXT 2018"]
[Source "ChessBase"]
[SourceDate "2017.10.13"]
[SourceVersion "1"]
[SourceVersionDate "2017.10.13"]
[SourceQuality "1"]

1. d4 Nf6 2. c4 e6 3. g3 d5 4. Nf3 Be7 5. Bg2 0-0 6. 0-0 dxc4 7. Qc2 a6 8. a4 Nc6 9. Qxc4 Nb4 10. a5 Bd7 11. Bd2 Bb5 12. Qb3 Qd5 13. Qxd5 Nbxd5 14. Re1 Ne4 15. Nc3 Nxd2 16. Nxd2 Bb4 17. Rec1 Bxe2 18. Nxe2 Bxd2 19. Rc2 Bb4 20. Bxd5 exd5 21. Rxc7 Rab8 1/2-1/2